000 02644nam a2200325Ia 4500
999 _c5194
_d5194
003 OSt
005 20200304165101.0
008 191128s2016 ck fr 000 0 spa d
020 _a9789588866239
040 _aCO-JMCR
_cCO-JMCR
041 0 _aspa
082 0 4 _a144 /
_bG643a
_223
100 1 _aGonzález Camargo, Javier,
_ecompilador
_91174
245 1 0 _aAtajos hacia el humanismo cívico /
_cJavier González Camargo ; autores Jorge Orlando García, Gustavo Ponce Montesinos, Wilmar Javier Medina [y otros 9]
250 _aPrimera edición
260 _aBogotá :
_bUniversidad Sergio Arboleda,
_c2016
300 _a159 páginas ;
_c24 cm
490 0 _aInterés general. Filosofía
500 _aIncluye notas a pie de página.
504 _aBibliografía al final de cada capítulo.
505 0 _a¿De qué humanismo estamos hablando? -- La concordia social, una vía para la paz desde la perspectiva de San Agustín -- Las comunidades de amistad como fuente auténtica de poder -- Las mujeres y el humanismo cívico. Cuidar la fragilidad -- Claves para una empresa humanista -- La esperanza pedagógica -- La universidad y el cultivo de concepciones y criterios de justificación racional -- Apuntes para construir ciudadanía. El papel de la argumentación en el debate público -- Se necesitan ciudadanos partícipes en la sociedad de la información -- Ley natural, cristianismo y razón pública. Una reflexión sobre le catolicismo y sus problemas comunicativos con la cultural actual.
520 _aCon este libro de consulta se cierra un ciclo de diez años de investigación filosófica del proyecto Humanismo Cívico. El humanismo cívico es un largo camino en el que, como todo postulado de filosofía política, las palabras se entretejen con muchísima más celeridad y holganza que las acciones concertadas de los hombre libres. Pues bien, como buenos latinoamericanos, junto con 10 miembros de la Red Humanismo Cívico que han contribuido con este pequeño proyecto, hemos querido abrir atajos para llegar por caminos tal vez más arduos, pero tal vez más cortos, por lo que el grato discurrir literario y el difícil ejercicio práctico conducen conjuntamente a una meta muy clara: la revitalización y el empoderamiento de la ciudadanía en el seno de las democracias occidentales.
650 1 4 _aHumanismo
_91175
650 1 4 _aCiudadanía
_xinvestigaciones
_91176
650 1 4 _aHumanismo
_xfundamentos
_91177
700 1 _aGarcía, Jorge Orlando,
_d
_eautor
_91178
700 1 _aPonce Montesinos, Gustavo,
_eautor
_91179
700 1 _aMedina, Wilmar Javier,
_eautor
_91180
942 _2ddc
_cBK